| 000 | 00501nam a22001577a 4500 | ||
|---|---|---|---|
| 999 |
_c528028 _d528028 |
||
| 082 | _a620.11 | ||
| 100 | _aZaman, Tariq | ||
| 245 |
_asynthesis of Chiral Ligands and Their Applications in Combinatorial Asymmetric Catalysis / _cTariq Zaman |
||
| 260 |
_aIslamabad: _bSCME - NUST, _c2014. |
||
| 300 |
_a272 p.: ill.; _c35cm. |
||
| 942 |
_2ddc _cTHE |
||
| 650 |
_aPh. D Thesis _919288 |
||
| 700 |
_aDr. Habib Nasir _916070 |
||